logo

Bir Sreshtho Munshi Abdur Rouf Library
Jhenaidah Cadet College

Analysis for military decisions. (Record no. 8687)

MARC details
000 -LEADER
fixed length control field 00789cam a22002771 4500
001 - CONTROL NUMBER
JCCL Control Number 8687
003 - CONTROL NUMBER IDENTIFIER
JCCL marc code BD-JhCC
005 - DATE AND TIME OF LATEST TRANSACTION
control field 20180301114049.0
008 - FIXED-LENGTH DATA ELEMENTS--GENERAL INFORMATION
fixed length control field 730306s1964 ilua b 000 0 eng
035 ## - SYSTEM CONTROL NUMBER
system control number (BD-JhCC)8687
035 ## - SYSTEM CONTROL NUMBER
system control number (OCoLC)569965
040 ## - CATALOGING SOURCE
Original cataloging agency DLC
Transcribing agency ODaWU
Modifying agency OCoLC
-- DLC
-- BD-JhCC
041 ## - LANGUAGE CODE
Language code of Book eng
050 00 - LIBRARY OF CONGRESS CALL NUMBER
Classification number UA23
Item number .Q3
082 ## - DEWEY DECIMAL CLASSIFICATION NUMBER
Classification number 355.018
Author mark and Year QUA 1964
100 1# - MAIN ENTRY--PERSONAL NAME
Personal name Quade, E. S.
Fuller form of name (Edward S.)
245 10 - TITLE STATEMENT
Title Analysis for military decisions.
Statement of responsibility, etc Edited by E. S. Quade.
260 ## - PUBLICATION, DISTRIBUTION, ETC. (IMPRINT)
Place of publication, distribution, etc Chicago,
Name of publisher, distributor, etc Rand McNally,
Date of publication, distribution, etc 1964.
300 ## - PHYSICAL DESCRIPTION
Pagination vii, 382 p.
Other physical details illus.
Dimensions 23 cm.
440 #4 -
Title The Rand lectures on systems analysis
504 ## - BIBLIOGRAPHY, ETC. NOTE
Bibliography, etc Bibliography: p. 362-363.
650 #0 - SUBJECT ADDED ENTRY--TOPICAL TERM
Topical term or geographic name as entry element System analysis.
651 #0 - SUBJECT ADDED ENTRY--GEOGRAPHIC NAME
Geographic name United States
General subdivision Military policy.
942 ## - ADDED ENTRY ELEMENTS (KOHA)
Source of classification or shelving scheme Dewey Decimal Classification
Koha item type Books
Holdings
Source of classification or shelving scheme Damaged status Not for loan Home library Current library Shelving location Total Checkouts Full call number Barcode Date last seen Copy number Koha item type
Dewey Decimal Classification     JCC Rouf Library JCC Rouf Library General Stacks   355.018 QUA 1964 11330 03/01/2018 C - 1 Books

JCC Library | Contacts | JCC Home

Last Update on 23 September 2017
Copyright @ 2017-2020 JCC Rouf Library
Rouf Library, Jhenidah Cadet College (JCC), Bangladesh